[Event "CP-2010-P-00042"]
[Site "LSS email"]
[Date "2010.09.28"]
[Round "?"]
[White "Fair, Martin"]
[Black "Suwara, Kazimierz"]
[Result "0-1"]
[WhiteElo "1413"]
[BlackElo "1811"]
[PlyCount "20"]
[EventDate "2010.10.01"]
[EventType "tourn (corr)"]
[EventRounds "6"]
[EventCountry "GER"]
[SourceTitle "Corr 2015"]
[Source "ChessBase"]
[SourceDate "2015.07.17"]
[SourceVersion "1"]
[SourceVersionDate "2015.07.17"]
[SourceQuality "1"]

1. e4 e5 2. Nf3 Nc6 3. d4 exd4 4. Nxd4 Nf6 5. Nxc6 bxc6 6. e5 Qe7 7. Qe2 Nd5 8. c4 Ba6 9. Nd2 Nf4 10. Qe4 Ng6 0-1

[Event "CP-2010-P-00042"]
[Site "LSS email"]
[Date "2010.09.28"]
[Round "?"]
[White "Vertongen, Willy"]
[Black "Fair, Martin"]
[Result "1-0"]
[WhiteElo "2222"]
[BlackElo "1442"]
[PlyCount "57"]
[EventDate "2010.10.01"]
[EventType "tourn (corr)"]
[EventRounds "6"]
[EventCountry "GER"]
[SourceTitle "Telechess CBM 143"]
[Source "ChessBase"]
[SourceDate "2011.07.15"]
[SourceVersion "1"]
[SourceVersionDate "2011.07.15"]
[SourceQuality "1"]

1. e4 e5 2. Nf3 Nc6 3. Bb5 a6 4. Ba4 Nf6 5. 0-0 Nxe4 6. d4 exd4 7. Re1 d5 8. Bg5 Qd6 9. c4 dxc3 10. Nxc3 Be6 11. Nxe4 dxe4 12. Nd4 f5 13. Bf4 Qxf4 14. Nxe6 Qe5 15. Qb3 b5 16. f4 bxa4 17. Qc4 Qf6 18. Nxc7+ Kd7 19. Nxa8 Qd4+ 20. Qxd4+ Nxd4 21. Rac1 Bd6 22. Rc4 Rxa8 23. Rxd4 Ke7 24. Rxa4 Bxf4 25. Raxe4+ fxe4 26. Rxe4+ Kd6 27. Rxf4 Rc8 28. Rf7 Rc2 29. Rxg7 1-0

[Event "LSS BI-2010-P-00019"]
[Site "LSS email"]
[Date "2010.04.19"]
[Round "?"]
[White "Fair, Martin"]
[Black "Ivanov, Valerij"]
[Result "1/2-1/2"]
[WhiteElo "1343"]
[BlackElo "2319"]
[PlyCount "70"]
[EventDate "2010.04.22"]
[EventType "tourn (corr)"]
[EventRounds "10"]
[EventCountry "GER"]
[SourceTitle "Telechess CBM 141"]
[Source "ChessBase"]
[SourceDate "2011.03.17"]
[SourceVersion "1"]
[SourceVersionDate "2011.03.17"]
[SourceQuality "1"]

1. e4 c5 2. Nf3 d6 3. d4 cxd4 4. Nxd4 Nf6 5. Nc3 a6 6. Be3 e5 7. Nf3 Be7 8. Bc4 0-0 9. 0-0 Be6 10. Bb3 Nc6 11. Qe2 Na5 12. Rfd1 Qc7 13. Bg5 Nxb3 14. axb3 Rac8 15. Bxf6 Bxf6 16. Ne1 Bd8 17. Qd3 Bg4 18. Nf3 f5 19. Qd5+ Kh8 20. Ra4 Be7 21. Rc4 Qb8 22. Qe6 Rce8 23. Qd7 Bf6 24. h3 Bh5 25. exf5 Qa8 26. g4 b5 27. Re4 Bf7 28. Qxd6 Rd8 29. Qb4 Rxd1+ 30. Nxd1 a5 31. Qe1 Bd5 32. Nc3 Bc6 33. Nd2 b4 34. Ncb1 Bxe4 35. Nxe4 Qc6 1/2-1/2

[Event "LSS BI-2010-P-00019"]
[Site "LSS email"]
[Date "2010.04.19"]
[Round "?"]
[White "Podvoysky, Evgeny Borisovich"]
[Black "Fair, Martin"]
[Result "1/2-1/2"]
[WhiteElo "2136"]
[BlackElo "1368"]
[PlyCount "84"]
[EventDate "2010.04.22"]
[EventType "tourn (corr)"]
[EventRounds "10"]
[EventCountry "GER"]
[SourceTitle "Telechess CBM 141"]
[Source "ChessBase"]
[SourceDate "2011.03.17"]
[SourceVersion "1"]
[SourceVersionDate "2011.03.17"]
[SourceQuality "1"]

1. e4 e5 2. Nf3 Nc6 3. Bb5 a6 4. Ba4 d6 5. 0-0 Nf6 6. Re1 Be7 7. c3 Bg4 8. d3 Nd7 9. Nbd2 0-0 10. h3 Bh5 11. Nf1 Nc5 12. Bc2 Ne6 13. Ng3 Bxf3 14. Qxf3 Bg5 15. Be3 Bxe3 16. fxe3 Qg5 17. Rad1 g6 18. d4 Na5 19. d5 Ng7 20. Bd3 b5 21. Kh2 Ne8 22. b4 Nc4 23. Bxc4 bxc4 24. Nf1 c6 25. dxc6 Rc8 26. Nd2 Rxc6 27. Qe2 Qf6 28. a4 Qe6 29. b5 axb5 30. axb5 Rc5 31. Rb1 Nf6 32. Rb4 Rb8 33. Reb1 Rb7 34. Rxc4 Rbxb5 35. Rxb5 Rxb5 36. Rc6 Rc5 37. Qa6 Rxc6 38. Qxc6 h5 39. Nc4 Ne8 40. Kg1 Kg7 41. Kf2 h4 42. Ke2 Kf6 1/2-1/2

[Event "LSS No Engine Cup 20 Preliminary 6"]
[Site "LSS email"]
[Date "2010.04.05"]
[Round "?"]
[White "Fair, Martin"]
[Black "D'Emilia, Jack"]
[Result "1-0"]
[WhiteElo "1359"]
[BlackElo "909"]
[PlyCount "53"]
[EventDate "2010.04.06"]
[EventType "tourn (corr)"]
[EventRounds "6"]
[EventCountry "GER"]
[SourceTitle "Telechess CBM 141"]
[Source "ChessBase"]
[SourceDate "2011.03.17"]
[SourceVersion "1"]
[SourceVersionDate "2011.03.17"]
[SourceQuality "1"]

1. e4 d6 2. d4 Nf6 3. Nc3 e6 4. Nf3 Be7 5. Bd3 0-0 6. 0-0 Nc6 7. a3 a6 8. Re1 b5 9. e5 dxe5 10. dxe5 Nd5 11. Be4 Nxc3 12. Qxd8 Rxd8 13. Bxc6 Rb8 14. bxc3 Bb7 15. Bxb7 Rxb7 16. a4 b4 17. cxb4 Bxb4 18. Rb1 Rbb8 19. Rf1 a5 20. Bg5 Rdc8 21. Be3 Bc3 22. Nd4 Rxb1 23. Rxb1 c5 24. Nc6 Re8 25. Bxc5 h6 26. Rb3 Bd2 27. Rd3 1-0

[Event "LSS No Engine Cup 20 Preliminary 6"]
[Site "LSS email"]
[Date "2010.04.05"]
[Round "?"]
[White "Fair, Martin"]
[Black "Erdem, Naci"]
[Result "1-0"]
[WhiteElo "1306"]
[BlackElo "1318"]
[PlyCount "53"]
[EventDate "2010.04.06"]
[EventType "tourn (corr)"]
[EventRounds "6"]
[EventCountry "GER"]
[SourceTitle "Telechess CBM 141"]
[Source "ChessBase"]
[SourceDate "2011.03.17"]
[SourceVersion "1"]
[SourceVersionDate "2011.03.17"]
[SourceQuality "1"]

1. e4 c5 2. Nf3 Nc6 3. d4 cxd4 4. Nxd4 e5 5. Nb5 d6 6. Be3 Nf6 7. N1c3 a6 8. Na3 Be7 9. Nc4 b5 10. Nb6 Rb8 11. Nxc8 Rxc8 12. a4 b4 13. Nd5 0-0 14. Bxa6 Rb8 15. Bb5 Nxd5 16. exd5 Na5 17. Bd2 b3 18. cxb3 Qb6 19. b4 Nb7 20. 0-0 f5 21. Bc6 Nd8 22. a5 Qd4 23. a6 Nxc6 24. dxc6 Qb6 25. Qb3+ Kh8 26. Rfc1 Qc7 27. b5 1-0

[Event "LSS No Engine Cup 20 Preliminary 6"]
[Site "LSS email"]
[Date "2010.04.05"]
[Round "?"]
[White "Fair, Martin"]
[Black "Kudryavtsev, Yaroslav Viktorovic"]
[Result "1-0"]
[WhiteElo "1405"]
[BlackElo "1975"]
[PlyCount "87"]
[EventDate "2010.04.06"]
[EventType "tourn (corr)"]
[EventRounds "6"]
[EventCountry "GER"]
[SourceTitle "Telechess CBM 141"]
[Source "ChessBase"]
[SourceDate "2011.03.17"]
[SourceVersion "1"]
[SourceVersionDate "2011.03.17"]
[SourceQuality "1"]

1. e4 c6 2. Nf3 d5 3. Nc3 Bg4 4. h3 Bh5 5. exd5 cxd5 6. Bb5+ Nc6 7. g4 Bg6 8. Ne5 Rc8 9. d4 e6 10. h4 f6 11. Nxg6 hxg6 12. Qd3 Kf7 13. Bxc6 Rxc6 14. Bd2 a6 15. 0-0-0 Bd6 16. h5 Ne7 17. Kb1 b5 18. Rde1 b4 19. Na4 Qd7 20. hxg6+ Nxg6 21. Rxh8 Nxh8 22. g5 f5 23. Nc5 Bxc5 24. dxc5 a5 25. Qb5 Qc7 26. Be3 e5 27. f4 d4 28. Qc4+ Kf8 29. Bf2 exf4 30. Qd5 Ng6 31. Qxf5+ Qf7 32. Qe4 Qd7 33. b3 Kf7 34. Bxd4 Rc8 35. Kc1 Rc6 36. Bf2 Ra6 37. Kb2 Rc6 38. Qc4+ Kf8 39. Kc1 Rc8 40. Bd4 f3 41. Qd3 Qc6 42. Re4 Rc7 43. Qxf3+ Kg8 44. Qe2 1-0

[Event "LSS No Engine Cup 20 Preliminary 6"]
[Site "LSS email"]
[Date "2010.04.05"]
[Round "?"]
[White "Sherwood, Russell"]
[Black "Fair, Martin"]
[Result "1/2-1/2"]
[WhiteElo "1678"]
[BlackElo "1412"]
[PlyCount "80"]
[EventDate "2010.04.06"]
[EventType "tourn (corr)"]
[EventRounds "6"]
[EventCountry "GER"]
[SourceTitle "Telechess CBM 147"]
[Source "ChessBase"]
[SourceDate "2012.03.16"]
[SourceVersion "1"]
[SourceVersionDate "2012.03.16"]
[SourceQuality "1"]

1. e4 e5 2. Nf3 Nc6 3. Nc3 Nf6 4. Bb5 Bb4 5. 0-0 0-0 6. d3 Bxc3 7. bxc3 d6 8. Bg5 Qe7 9. Re1 Nd8 10. d4 Ne6 11. Bc1 c6 12. Bf1 Rd8 13. Nh4 Qc7 14. Nf5 g6 15. Nh6+ Kg7 16. g3 Ng8 17. Nxg8 Kxg8 18. Be3 Qa5 19. Qd3 b5 20. a4 bxa4 21. dxe5 dxe5 22. Qc4 a3 23. Reb1 c5 24. Rb3 Qc7 25. Rbxa3 a6 26. Be2 a5 27. Bg4 h5 28. Bh3 Bd7 29. Bxe6 Bxe6 30. Qxc5 Qxc5 31. Bxc5 Rd2 32. h4 Bg4 33. Kg2 Rxc2 34. Bd6 f6 35. Bb4 Rd2 36. Rxa5 Rxa5 37. Rxa5 Rd3 38. Kh2 Bf3 39. Ra8+ Kf7 40. Ra7+ Ke8 1/2-1/2

[Event "LSS No Engine Cup 18 Preliminary 7"]
[Site "LSS email"]
[Date "2010.03.05"]
[Round "?"]
[White "Taroma Corpus, Roger"]
[Black "Fair, Martin"]
[Result "0-1"]
[WhiteElo "1408"]
[BlackElo "1438"]
[PlyCount "106"]
[EventDate "2010.03.06"]
[EventType "tourn (corr)"]
[EventRounds "6"]
[EventCountry "GER"]
[SourceTitle "Telechess CBM 141"]
[Source "ChessBase"]
[SourceDate "2011.03.17"]
[SourceVersion "1"]
[SourceVersionDate "2011.03.17"]
[SourceQuality "1"]

1. e4 e5 2. Bc4 Nf6 3. d3 Nc6 4. Nf3 Bc5 5. 0-0 d6 6. Nc3 Bg4 7. Na4 Bb6 8. c3 h6 9. h3 Bh5 10. Nxb6 axb6 11. Re1 Qd7 12. b4 0-0 13. a4 Rfe8 14. Bb2 Ne7 15. d4 Ng6 16. d5 Ra7 17. Bc1 Nh4 18. Be2 Bxf3 19. Bxf3 Rea8 20. Be2 Rxa4 21. Rxa4 Rxa4 22. Bf1 Ra1 23. Qe2 Ng6 24. Qb2 Qa4 25. Bc4 Nf4 26. Bf1 Ra2 27. Qb1 Qc2 28. Qxc2 Rxc2 29. c4 g5 30. g3 Ng6 31. Bg2 Rxc4 32. Bd2 c6 33. dxc6 bxc6 34. Rc1 Rxc1+ 35. Bxc1 b5 36. Be3 d5 37. f3 d4 38. Bc1 Nf8 39. Kf2 Kg7 40. Bf1 Ne6 41. Bd2 Ne8 42. Bd3 Nd6 43. Bb1 h5 44. Ke2 Nc4 45. Be1 h4 46. gxh4 Nf4+ 47. Kd1 Nxh3 48. hxg5 Ng1 49. f4 Ne3+ 50. Kd2 Nf3+ 51. Ke2 Nxe1 52. Kxe1 Ng2+ 53. Kf2 Nxf4 0-1

[Event "OP-2010-0-01103"]
[Site "LSS email"]
[Date "2010.03.05"]
[Round "?"]
[White "Venturas, Bob"]
[Black "Fair, Martin"]
[Result "0-1"]
[WhiteElo "587"]
[BlackElo "1125"]
[PlyCount "102"]
[EventDate "2010.03.02"]
[EventType "tourn (corr)"]
[EventRounds "4"]
[EventCountry "GER"]
[SourceTitle "Corr 2013"]
[Source "ChessBase"]
[SourceDate "2012.11.12"]
[SourceVersion "1"]
[SourceVersionDate "2012.11.12"]
[SourceQuality "1"]

1. e4 e5 2. Nf3 Nc6 3. a3 Nf6 4. Nc3 d5 5. d3 d4 6. Ne2 Be6 7. Ng3 h6 8. Qd2 Bd6 9. c3 Na5 10. Rb1 c5 11. c4 Nb3 12. Qc2 Nxc1 13. Rxc1 Qa5+ 14. Nd2 g6 15. Be2 0-0-0 16. 0-0 h5 17. h3 h4 18. Nh1 g5 19. Nb3 Qb6 20. f3 Nh5 21. Nf2 Nf4 22. Bd1 Bd7 23. Nd2 Qa6 24. Rb1 Kb8 25. b4 Qxa3 26. b5 Qa5 27. Nb3 Qb6 28. Ra1 Bc7 29. Qa2 Rdg8 30. Kh1 Nh5 31. Re1 Rg6 32. Ng4 Nf4 33. Nf2 Bd6 34. Bc2 Rgg8 35. Reb1 f6 36. Rb2 Ka8 37. Nd2 Rf8 38. Rb3 Bb8 39. Nd1 Rh7 40. Ra3 Ne2 41. Nb1 f5 42. Bb3 Ng3+ 43. Kh2 g4 44. Nf2 fxe4 45. Nxe4 gxf3 46. Ng5 Rg7 47. Nxf3 Nf1+ 48. Kh1 Bxh3 49. Nxh4 Bxg2+ 50. Nxg2 Qh6+ 51. Kg1 Qh2# 0-1

[Event "OP-2010-0-01103"]
[Site "LSS email"]
[Date "2010.03.05"]
[Round "?"]
[White "Vontina, Maria"]
[Black "Fair, Martin"]
[Result "0-1"]
[WhiteElo "526"]
[BlackElo "1123"]
[PlyCount "68"]
[EventDate "2010.03.02"]
[EventType "tourn (corr)"]
[EventRounds "4"]
[EventCountry "GER"]
[SourceTitle "Corr 2013"]
[Source "ChessBase"]
[SourceDate "2012.11.12"]
[SourceVersion "1"]
[SourceVersionDate "2012.11.12"]
[SourceQuality "1"]

1. e4 e5 2. Nf3 Nc6 3. Bb5 Nf6 4. 0-0 Bc5 5. d3 d6 6. Bg5 h6 7. Bh4 0-0 8. h3 a6 9. Ba4 b5 10. Bb3 Bd7 11. Nbd2 Qe7 12. a4 Rab8 13. axb5 axb5 14. c3 Ra8 15. Qc2 Bb6 16. Ba2 Ra7 17. b4 Rfa8 18. Qb2 Nd8 19. Bb3 Ne6 20. Rxa7 Rxa7 21. Ra1 Rxa1+ 22. Qxa1 Nf4 23. Bc2 g5 24. Bg3 Ne2+ 25. Kf1 Nxg3+ 26. fxg3 g4 27. Ng1 Nh5 28. hxg4 Nxg3+ 29. Ke1 Bxg1 30. Nf3 Bxg4 31. Kd2 Bxf3 32. Qxg1 Qg5+ 33. Ke1 Qc1+ 34. Bd1 Bxd1 0-1

[Event "OP-2010-0-01094"]
[Site "LSS email"]
[Date "2010.02.26"]
[Round "?"]
[White "Lauer, Fredric"]
[Black "Fair, Martin"]
[Result "0-1"]
[WhiteElo "1377"]
[BlackElo "1123"]
[PlyCount "70"]
[EventDate "2010.02.21"]
[EventType "tourn (corr)"]
[EventRounds "4"]
[EventCountry "GER"]
[SourceTitle "Corr 2013"]
[Source "ChessBase"]
[SourceDate "2012.11.12"]
[SourceVersion "1"]
[SourceVersionDate "2012.11.12"]
[SourceQuality "1"]

1. e4 c5 2. c3 d6 3. Nf3 Nf6 4. Be2 g6 5. 0-0 Bg7 6. e5 dxe5 7. Nxe5 0-0 8. d4 Nd5 9. Nf3 cxd4 10. Nxd4 Nc6 11. Nxc6 bxc6 12. Bf3 Qc7 13. Nd2 Rb8 14. Nb3 Ba6 15. Re1 Rfd8 16. Bxd5 Rxd5 17. Qf3 Bc4 18. Be3 a5 19. Nd2 Bd3 20. Nb3 a4 21. Nc5 Rxb2 22. Nxa4 Rb8 23. Bd4 e5 24. Qxd3 exd4 25. Qc4 d3 26. Rad1 d2 27. Re4 Rb1 28. Qf1 Rxd1 29. Qxd1 Qd8 30. Kf1 Rb5 31. Ke2 f5 32. Re3 Qh4 33. f4 Qxh2 34. Qxd2 Qxg2+ 35. Kd1 Qf1+ 0-1

[Event "OP-2010-0-01094"]
[Site "LSS email"]
[Date "2010.02.26"]
[Round "?"]
[White "Urban, Milos"]
[Black "Fair, Martin"]
[Result "0-1"]
[WhiteElo "783"]
[BlackElo "1075"]
[PlyCount "94"]
[EventDate "2010.02.21"]
[EventType "tourn (corr)"]
[EventRounds "4"]
[EventCountry "GER"]
[SourceTitle "Corr 2013"]
[Source "ChessBase"]
[SourceDate "2012.11.12"]
[SourceVersion "1"]
[SourceVersionDate "2012.11.12"]
[SourceQuality "1"]

1. e4 c5 2. Nf3 Nc6 3. d4 cxd4 4. Nxd4 Nf6 5. Nc3 e5 6. Ndb5 d6 7. Bg5 a6 8. Na3 b5 9. Bxf6 gxf6 10. Nd5 Bg7 11. Bd3 Ne7 12. Nxe7 Qxe7 13. 0-0 0-0 14. c4 f5 15. Qf3 bxc4 16. Nxc4 d5 17. exd5 e4 18. Qe3 Bb7 19. d6 Qf6 20. Bc2 f4 21. Qh3 Rac8 22. b3 Qg5 23. d7 Rc6 24. Bxe4 Rh6 25. Qf5 Qh4 26. h3 Rh5 27. Qg4 Bxe4 28. Qxh4 Rxh4 29. Rad1 Rd8 30. Rfe1 Bc6 31. Rd6 Bb5 32. a4 Bxd7 33. Nb6 Re8 34. Rxe8+ Bxe8 35. Rd8 Kf8 36. Ra8 Rh6 37. Nd5 Be5 38. f3 Rd6 39. Nb4 a5 40. Rxa5 Bc3 41. Rd5 Bxb4 42. Rxd6 Bxd6 43. Kf2 Bb4 44. Ke2 Bd7 45. Kd3 Be6 46. Kc2 Bf5+ 47. Kd1 Bd3 0-1

[Event "LSS ZN-2010-0-00940"]
[Site "LSS email"]
[Date "2010.02.24"]
[Round "?"]
[White "Fair, Martin"]
[Black "Bester, Kazimierz"]
[Result "1-0"]
[WhiteElo "1069"]
[BlackElo "674"]
[PlyCount "35"]
[EventDate "2010.02.22"]
[EventType "match (corr)"]
[EventRounds "2"]
[EventCountry "GER"]
[SourceTitle "Corr 2013"]
[Source "ChessBase"]
[SourceDate "2012.11.12"]
[SourceVersion "1"]
[SourceVersionDate "2012.11.12"]
[SourceQuality "1"]

1. e4 c6 2. d4 Nf6 3. Nc3 e6 4. Bd3 d5 5. Nf3 Bb4 6. e5 Bxc3+ 7. bxc3 Nfd7 8. Ng5 g6 9. 0-0 0-0 10. Qg4 f5 11. Qh4 h5 12. g4 Qe8 13. gxh5 gxh5 14. Kh1 Kh8 15. Be2 Kg7 16. Nxe6+ Qxe6 17. Rg1+ Kf7 18. Bxh5+ 1-0

[Event "OP-2010-0-01086"]
[Site "LSS email"]
[Date "2010.02.16"]
[Round "?"]
[White "Fair, Martin"]
[Black "Shelykalin, Vjacheslav"]
[Result "1/2-1/2"]
[WhiteElo "800"]
[BlackElo "800"]
[PlyCount "55"]
[EventDate "2010.02.12"]
[EventType "tourn (corr)"]
[EventRounds "4"]
[EventCountry "GER"]
[SourceTitle "Corr 2013"]
[Source "ChessBase"]
[SourceDate "2012.11.12"]
[SourceVersion "1"]
[SourceVersionDate "2012.11.12"]
[SourceQuality "1"]

1. d4 Nf6 2. c4 e6 3. Nc3 d5 4. Nf3 c6 5. e3 Nbd7 6. Bd3 dxc4 7. Bxc4 b5 8. Bd3 Bb7 9. e4 b4 10. Na4 c5 11. e5 Nd5 12. 0-0 cxd4 13. Re1 a6 14. Nxd4 g6 15. Bd2 Bg7 16. f4 Rc8 17. Be4 Bf8 18. Kh1 Be7 19. a3 bxa3 20. bxa3 0-0 21. Rb1 Ba8 22. Qe2 Bxa3 23. Qxa6 Nc5 24. Nxc5 Bxc5 25. Nf3 Nc7 26. Qa4 Bxe4 27. Qxe4 Nd5 28. Qd3 1/2-1/2